[Event "Haarlem Nova College op"]
[Site "Haarlem"]
[Date "2006.07.09"]
[Round "5"]
[White "Gurevich, Mikhail"]
[Black "De Vreugt, Dennis"]
[Result "1/2-1/2"]
[WhiteElo "2632"]
[BlackElo "2429"]
[Annotator "Gurevich,M"]
[PlyCount "126"]
[EventDate "2006.07.07"]
[EventType "swiss"]
[EventRounds "6"]
[EventCountry "NED"]
[SourceTitle "CBM 113 Extra"]
[Source "ChessBase"]
[SourceDate "2006.09.14"]
[SourceVersion "1"]
[SourceVersionDate "2006.09.14"]
[SourceQuality "1"]

1. d4 d5 2. c4 c6 3. Nf3 Nf6 4. e3 Bf5 5. Nc3 e6 6. Nh4 Bg4 7. Qb3 Qc7 8. h3
Bh5 9. g4 Bg6 10. Nxg6 hxg6 11. Bg2 Nbd7 12. cxd5 $5 (12. Bd2 Nb6 13. cxd5 exd5
14. O-O-O O-O-O 15. Kb1 Kb8 16. Bc1 Bd6 17. g5 Nh5 18. e4 dxe4 19. Bxe4 Nf4 20.
h4 Rhe8 21. Rhe1 Re7 22. Bxf4 Bxf4 23. d5 cxd5 24. Nxd5 Nxd5 25. Bxd5 Rxe1 26.
Rxe1 f6 $11 {1-0 Serper,G-Akobian,V/Bellevue 2006/CBM 114 ext (42)}) 12... Nxd5
$5 {TN} (12... exd5 13. g5 Nh5 14. Bd2 Bd6 15. O-O-O O-O-O 16. Kb1 Nb6 17. e4
dxe4 18. Nxe4 Nf4 19. Bxf4 Bxf4 20. h4 Kb8 21. Nc5 Ka8 $13 {1-0 Tregubov,
P-Polaczek,R/playchess.com INT 2004/PowerBook2005 (75)}) 13. e4 Nxc3 14. bxc3
e5 (14... Be7 $5) 15. O-O c5 (15... Bd6 16. f4 exd4 17. cxd4 Qb6 18. Qc4 $5 $36
) 16. Rb1 cxd4 (16... b6 17. f4 exd4 18. cxd4 cxd4 19. e5 $36) 17. cxd4 exd4
18. e5 $5 (18. Qxb7 Qxb7 19. Rxb7 Nc5 $14) 18... Nc5 (18... Nxe5 19. f4 $40)
19. Qc4 {[/\20.Rxb7;20.Qxd4]} Rc8 $5 (19... O-O-O 20. Bf4 $40) 20. Qxd4 b6 $5 {
[/\21...Be7]} (20... Be7 21. e6 $5 $36) 21. f4 $5 {[/\22.Be3,23.f5|^>>]} (21.
Rd1 Rd8 (21... Qd7 22. Qxd7+ Nxd7 23. Rb3 $36) (21... Be7 22. e6 $36) 22. Qxd8+
Qxd8 23. Rxd8+ Kxd8 24. Be3 $14 Ne6 $5 {[/\25....Bc5]}) 21... Be7 22. Be3 O-O
23. f5 $6 (23. Rbc1 $5) 23... gxf5 (23... Rfd8 $5 24. Bd5 gxf5 25. gxf5 (25.
Rxf5 Ne6 26. Qe4 Qc2 $5 $132 (26... Bc5)) 25... Nd7 $15) 24. gxf5 Rfe8 (24...
Rfd8 $5) 25. Qg4 $5 Nd3 $1 26. f6 Bf8 27. Bd5 $5 (27. fxg7 Bc5 $5 28. Bxc5
Qxc5+ $132) 27... Nxe5 28. Qg2 Qc2 $5 (28... g6 29. Rbc1 Qd7 30. Rxc8 Rxc8 31.
Bf4 Rc5 $1 $132) 29. Rb2 Qxg2+ 30. Rxg2 $44 Rc3 $6 (30... Rcd8 31. Bb3 Rd3 $132
) 31. Bd4 Rd3 32. fxg7 Rxd4 $2 {Diagram [#]} 33. gxf8=Q+ $2 $138 (33. Rxf7 $3
Nxf7 (33... Rxd5 34. gxf8=Q#) (33... Bxg7 34. Rgxg7+ Kh8 35. Rh7+ Kg8 36. Rfg7+
Kf8 37. Rg8#) 34. Bxf7+ Kxf7 35. g8=Q+ $18) 33... Kxf8 34. Bb3 a5 $15 35. Rgf2
Re7 36. Rf4 Rxf4 (36... Rd3 $5 37. Kg2 b5 $15) 37. Rxf4 b5 38. h4 a4 39. Bc2
Rc7 40. Bf5 Rc4 $6 (40... Kg7 $5 $15) 41. Rxc4 Nxc4 42. Bd7 Nd6 43. Kf2 a3 (
43... Ke7 44. Bc6 a3 45. h5 Kf6 46. Ke3 $11) 44. Bc6 $1 {[/\45.Bd5]} (44. Ke3
b4 45. Ba4 Nc4+ 46. Kd4 Nd2 47. Kd3 b3 $19) 44... b4 45. Bd5 Nf5 46. h5 Ne7 (
46... Kg7 $5 47. Bc4 (47. Ke2 $2 b3 $19) 47... f6 48. Ke1 Nd4 49. Kd2 b3 50.
Kc3 b2 51. Bd3 Nf3 52. Kb3 b1=Q+ 53. Bxb1 Nd2+ 54. Kxa3 Nxb1+ 55. Kb4 $11) 47.
Bc4 Nc6 48. Ke3 Na5 49. Bd5 f5 (49... b3 50. Kd2 b2 51. Be4 $1 $11) 50. Kf4 (
50. h6 $5 b3 51. Be6 $1 f4+ 52. Kxf4 b2 53. Bf5 Nc4 (53... Nb3 54. Ke3 Nc1 55.
Bb1 $11) 54. Bd3 $11) 50... b3 51. Kxf5 $11 b2 52. Be4 Nc4 53. Bd3 Nd2 54. Ke5
Kg7 (54... b1=Q 55. Bxb1 Nxb1 56. Kd4 $11) 55. Kd4 b1=Q 56. Bxb1 Nxb1 57. Kd3
Kh6 58. Kc2 Kxh5 59. Kxb1 Kg4 60. Kc2 Kf4 61. Kb3 Ke5 62. Kxa3 Kd6 63. Kb4 Kc6
1/2-1/2

[Event "Helsingor Jubilee"]
[Site "Helsingor"]
[Date "1999.10.21"]
[Round "3"]
[White "Andersson, Ulf"]
[Black "Hector, Jonny"]
[Result "1/2-1/2"]
[WhiteElo "2623"]
[BlackElo "2505"]
[Annotator "Hansen,SB"]
[PlyCount "85"]
[EventDate "1999.10.19"]
[EventType "tourn"]
[EventRounds "6"]
[EventCountry "DEN"]
[EventCategory "13"]
[SourceTitle "CBM 074"]
[Source "ChessBase"]
[SourceDate "2000.02.01"]
[SourceVersion "1"]
[SourceVersionDate "2000.02.01"]
[SourceQuality "1"]

1. d4 d5 2. Nf3 Nf6 3. c4 c6 4. e3 Bf5 5. Bd3 (5. Nc3 e6 6. Nh4 {Is white's
best bid for an advantage}) 5... e6 6. Nc3 Bg6 7. Qe2 Nbd7 8. O-O Ne4 9. Nd2
Ndf6 10. f3 Nxc3 (10... Nxd2 11. Bxd2 Be7 {Is completely safe, and what you
would usually expect fro a slav-player}) 11. bxc3 Be7 12. cxd5 Nxd5 $5 13. Bb2
Ba3 $5 {[%mdl 64]} 14. Ne4 $8 Bxb2 15. Qxb2 Nxe3 16. Rfe1 Nd5 17. Qxb7 O-O 18.
Qb2 Qa5 19. c4 Rab8 20. Qf2 Nf4 21. Bf1 e5 $6 22. dxe5 (22. Nc5 $1 $16) 22...
Qxe5 23. Nc5 Qf5 24. Rad1 Rbd8 25. Qe3 $36 Rxd1 26. Rxd1 h5 27. Qe7 Qc2 $6 $132
28. Rd4 Qf5 29. Qd6 $16 Ne6 30. Nxe6 fxe6 31. Qxc6 Qe5 32. Qd6 Qe3+ 33. Kh1 e5
34. Rd1 Rf6 35. Qd2 $2 (35. Qd5+ Kh7 36. Bd3 Bxd3 37. Qxd3+ Qxd3 38. Rxd3 e4
39. Re3 $16) 35... Qxd2 36. Rxd2 e4 $132 37. c5 exf3 38. gxf3 Rxf3 $11 39. Bc4+
Kh7 40. Kg1 Rc3 41. Rd4 Bf5 42. h4 g5 43. hxg5 1/2-1/2

[Event "Corus-C"]
[Site "Wijk aan Zee"]
[Date "2009.01.24"]
[Round "7"]
[White "Harika, Dronavalli"]
[Black "So, Wesley"]
[Result "1/2-1/2"]
[WhiteElo "2473"]
[BlackElo "2627"]
[Annotator "Harika,D"]
[PlyCount "89"]
[EventDate "2009.01.17"]
[EventType "tourn"]
[EventRounds "13"]
[EventCountry "NED"]
[EventCategory "11"]
[SourceTitle "CBM 129"]
[Source "ChessBase"]
[SourceDate "2009.03.25"]
[SourceVersion "1"]
[SourceVersionDate "2009.03.25"]
[SourceQuality "1"]

{This is my game against Wesley So in the 7th round of Corus Chess 2009. My
opponent was the top seed for the tournament and eventually won the
championship.} 1. d4 {As my opponent, in all his games so far, played either
Nimzo Indian or ... a6 Slav. It was easy for me to prepare new lines (which I
had never played before) for both the openings.} d5 2. c4 c6 3. Nf3 Nf6 {
He has opted for a Slav.} 4. e3 {This was probably already quite a surprise
for my opponent, since I almost always go for the main Slav or the Anti Slav
with Nc3 and e3. After a long think, he decided to play} Bf5 {Usually, Wesley
had been going for the 4...a6 systems. So when he had chosen this line over
the board after a long think, it was clear that he didn't have much idea of
the theory from here on.} 5. Nc3 e6 6. Nh4 Bg6 7. Be2 Bd6 {This is completely
a rare move.} ({The main line is:} 7... Nbd7 8. O-O Bd6 9. g3) 8. g3 Nbd7 9.
O-O {converted in to main line} dxc4 {has been played in a very few games.} (
9... O-O 10. Nxg6 hxg6 {is the main continuation.}) 10. Bxc4 Nb6 11. Be2 {
Everything that happened so far was more or less known to me. But I had
already spent a considerable amount of time (as had my opponent), not being
able to remember the theory.} e5 $2 {This is too early and clearly a bad move.}
(11... O-O 12. Nxg6 hxg6 13. e4 e5 14. f4 exd4 15. Qxd4 Qe7 {This position was
reached in Topalov - Kramnik, Elista 2006.}) 12. a4 {However I did not manage
to make use of my chances. My idea with a4 is to either to gain space on the
queenside with a5, or if Black plays ...a5, I want to play Qb3 at some point
and threaten Black's queenside structure.} ({The unusual} 12. f4 $1 {move is
just killing Black. To be frank, somehow I did not even consider this move.
Neither did my opponent, or he would never have played ...e5.} exf4 (12... exd4
13. exd4 {is the same}) 13. exf4 h6 (13... h5 14. Nxg6 (14. Re1 O-O 15. Nxg6
fxg6 16. Bd3 $16) 14... fxg6 15. Qc2 $16) 14. Nxg6 fxg6 15. Bd3 $16) 12... a5 (
12... exd4 13. exd4 O-O 14. Bg5 {is slightly better for White}) 13. Bf3 $6 {
This is clearly equalising.} (13. f4 $16 {is still possible.}) 13... O-O 14.
Nxg6 hxg6 15. dxe5 Bxe5 16. Qb3 {Continuing my plan and the position is
roughly level.} Qc7 17. e4 Rfd8 18. Be3 Bd4 {This is an interesting plan.} 19.
Nd5 cxd5 (19... Nbxd5 20. Bxd4 Nb4 21. Rad1 {is preferable for White with
active piece play.}) 20. Bxd4 Nc4 {I couldn't find the right continuation from
here as I was left with little time and 20 moves to play. So I tried to at
least equalize the position as early as possible.} 21. Bxf6 ({The best try for
White is} 21. Rfc1 Qe7 (21... Qb8 22. Rc2 dxe4 23. Bxf6 gxf6 24. Bxe4 Nd2 25.
Qxb7 $14) 22. exd5 Nd2 23. Qd3 Nxf3+ 24. Qxf3 Nxd5 $11) 21... gxf6 22. Rfd1 (
22. Rfc1 Qe5 23. exd5 Nd2 24. Qd3 Nxf3+ 25. Qxf3 Rxd5 26. Re1 Qf5 27. Qxf5 Rxf5
$11) (22. Qc2 Qb6 23. exd5 Rac8 $11) 22... dxe4 23. Bxe4 Nd2 24. Qe3 (24. Qxb7
Qxb7 25. Bxb7 Rab8 26. Bc6 Rxb2 $11) 24... Qd6 $6 (24... Nxe4 25. Qxe4 $11) (
24... Qe5 25. Rxd2 Rxd2 26. Qxd2 Qxe4 $11) 25. Rac1 $1 {Seizing the
oppurtunity.} Qe7 26. Rxd2 (26. Bxb7 {The last chance for White to try for a
win.} Qxb7 (26... Qxe3 27. fxe3 Rab8 28. Rc7 $14) 27. Rxd2 $14) 26... Rxd2 27.
Qxd2 Qxe4 $11 {And the game continued for few more moves.} 28. Qc2 Qb4 29. Qc3
Qxa4 30. Qxf6 Qd7 31. h4 Re8 32. h5 Qd2 33. Qc3 Qxc3 34. Rxc3 gxh5 35. Rc5 a4
36. Rxh5 Re1+ 37. Kg2 Rb1 38. Ra5 (38. Rb5 Kg7 39. Rb4 {even though it will
end with a draw, Black is the one who has to be careful.}) 38... Rxb2 39. Rxa4
b5 40. Ra6 b4 41. Rb6 Rb3 42. Kh3 Rf3 43. Kg2 Rb3 44. Kh3 Rf3 45. Kg2 {Finally
the battle ended with a draw.} 1/2-1/2

[Event "Moscow Aeroflot op"]
[Site "Moscow"]
[Date "2002.02.05"]
[Round "2"]
[White "Miton, Kamil"]
[Black "Yagupov, Igor"]
[Result "1-0"]
[WhiteElo "2521"]
[BlackElo "2466"]
[Annotator "Hecht,H"]
[PlyCount "95"]
[EventDate "2002.02.04"]
[EventType "swiss"]
[EventRounds "9"]
[EventCountry "RUS"]
[SourceTitle "CBM 088"]
[Source "ChessBase"]
[SourceDate "2002.03.21"]
[SourceVersion "1"]
[SourceVersionDate "2002.03.21"]
[SourceQuality "1"]

1. d4 d5 2. c4 c6 3. e3 Nf6 4. Nf3 Bf5 5. Nc3 e6 6. Nh4 Be4 7. f3 Bg6 8. Qb3
Qc7 9. Bd2 Be7 10. Nxg6 hxg6 11. O-O-O Nbd7 12. h3 dxc4 13. Bxc4 b5 14. Be2 a6
15. Kb1 c5 16. g4 cxd4 17. exd4 Nb6 18. Rc1 Rb8 19. h4 Nfd5 20. Ne4 Qa7 21. Nc5
Nd7 22. f4 O-O 23. h5 Nxc5 24. dxc5 Bxc5 25. hxg6 fxg6 26. f5 gxf5 27. gxf5
Rxf5 28. Bg4 Rbf8 29. Qh3 R8f6 30. Bxf5 Rxf5 31. Qh7+ Kf7 32. Bh6 Bd4 33. Rhg1
Ke8 34. Qg8+ Kd7 35. Rg6 Bf6 36. Rxf6 gxf6 37. Qf7+ Ne7 38. Bf8 Kd6 39. Bxe7+
Qxe7 40. Rc6+ Kxc6 41. Qxe7 {[%cal Re7e6,Re7a7,Ra7a6] [#]} Rf1+ 42. Kc2 Rf2+
43. Kc3 Rf3+ 44. Kd2 Rf2+ (44... e5 45. Qe6+ Kc5 46. Qxa6 Rf4 47. a3 $18) 45.
Ke3 Rxb2 46. Qxe6+ Kc5 (46... Kb7 47. Qe7+ Kb8 48. Qxf6 $18 {denn} Rxa2 49.
Qf8+ Kb7 50. Qf7+ {gewinnt den Turm}) 47. Qe7+ Kd5 (47... Kc6 48. Qxf6+ $18) (
47... Kc4 48. Qxf6 {[%csl Rb3,Rb4,Rc3,Rc5][%cal Rf6d4]} Rxa2 49. Qe6+ $18) 48.
Qe4+ {und derTurm ist erneut hin.} 1-0

[Event "GER-ch 73th"]
[Site "Altenkirchen"]
[Date "2001.12.01"]
[Round "2"]
[White "Prusikin, Michael"]
[Black "Huebner, Robert"]
[Result "1/2-1/2"]
[WhiteElo "2506"]
[BlackElo "2612"]
[Annotator "Hecht,H"]
[PlyCount "91"]
[EventDate "2001.11.30"]
[EventType "swiss"]
[EventRounds "9"]
[EventCountry "GER"]
[SourceTitle "CBM 087"]
[Source "ChessBase"]
[SourceDate "2002.03.21"]
[SourceVersion "1"]
[SourceVersionDate "2002.03.21"]
[SourceQuality "1"]

1. d4 Nf6 2. Nf3 d5 3. c4 c6 4. e3 Bf5 5. Nc3 e6 6. Nh4 Be4 7. f3 Bg6 8. Qb3
Qb6 9. Nxg6 hxg6 10. Bd2 Nbd7 11. Be2 Be7 12. O-O-O Qxb3 13. axb3 a6 14. Kb1 b5
15. Rc1 Nb6 16. cxb5 cxb5 17. Na2 Rc8 18. Ba5 Nfd7 19. Rxc8+ Nxc8 20. Rc1 Ndb6
21. h3 Kd7 22. Bb4 Nd6 23. Bc5 Kc6 24. e4 Kb7 25. Nb4 Ndc8 26. Nd3 Bf6 27. exd5
Nxd5 28. f4 Nce7 29. Bf3 Nc6 30. Ne5 Nxe5 31. fxe5 Bg5 32. Rf1 Kc6 33. Bxd5+
Kxd5 34. Rxf7 {[#] Komplexes T/L-Endspiel mit Bauernschwächen beiderseits und
der Suche nach dem besten (Gegen-)Spiel.} Be3 35. b4 Rh4 36. Rxg7 $5 (36. Rd7+
$1 Ke4 (36... Kc4 37. Kc2 $18 {[%cal Rb2b3]}) 37. d5 (37. Rd6 $5) 37... exd5 (
37... Bxc5 38. bxc5 Kxe5 39. d6 $18) 38. e6 Rh8 39. Bxe3 (39. e7 Bg5) 39...
Kxe3 40. Rxd5 Re8 $132 {[%csl Rg2,Rh3][%cal Rg6g4]}) 36... Bxd4 37. Rxg6 Bxe5 {
[%csl Rb2,Rc5,Rg2][%cal Rh4e4,Re4e2,Ra6a5]} 38. Rg5 Re4 39. Bf2 $2 (39. Kc2
$142 Re1 (39... a5 40. Bf8 $1 {[%cal Rf8g7,Rb4a5]} Rc4+ 41. Kb1 $18) (39...
Re2+ 40. Kd3 Rxb2 41. Rxe5+ $18 (41. Bd4 Rb3+ 42. Kc2 Rg3 $1)) 40. h4 $14)
39... Rxb4 40. Kc1 Rc4+ (40... Rb3 $1 {[%csl Rb2][%cal Rd5e4]}) 41. Kd2 Ke4 42.
Rg4+ Kf5 43. Rxc4 bxc4 44. Kc2 Kf4 45. Be1 Bg7 46. Bc3 1/2-1/2

[Event "USA-ch"]
[Site "Seattle"]
[Date "2003.01.09"]
[Round "1"]
[White "Akobian, Varuzhan"]
[Black "Krush, Irina"]
[Result "1-0"]
[WhiteElo "2531"]
[BlackElo "2433"]
[Annotator "Hecht,H"]
[PlyCount "135"]
[EventDate "2003.01.09"]
[EventType "swiss"]
[EventRounds "9"]
[EventCountry "USA"]
[SourceTitle "CBM 093"]
[Source "ChessBase"]
[SourceDate "2003.04.01"]
[SourceVersion "1"]
[SourceVersionDate "2003.04.01"]
[SourceQuality "1"]

1. d4 d5 2. Nf3 Nf6 3. e3 c6 4. c4 Bf5 5. cxd5 cxd5 6. Qb3 Qc7 7. Nc3 e6 8. Nh4
Be4 9. f3 Bg6 10. Bd2 Nc6 11. Rc1 Be7 12. Nxg6 hxg6 13. g3 O-O 14. Na4 Rab8 15.
Bb5 Rfc8 16. O-O Nd7 17. Rc2 a6 18. Bxc6 bxc6 19. Qd3 Qb7 20. Rfc1 Qb5 21. Qxb5
axb5 22. Nc3 c5 23. dxc5 Rxc5 24. Ne2 Rbc8 25. Rxc5 Rxc5 26. Rxc5 Nxc5 27. Nd4
Bf6 28. b3 Bxd4 29. exd4 Na6 30. a4 bxa4 31. bxa4 {[#] Läufer mit Mehrbauer} f6
32. f4 Kf7 33. Kf2 Ke8 34. Ke3 Kd7 35. g4 Kc6 36. h4 Kd7 37. Bc3 Kc6 38. Bd2
Kd7 39. Bc3 Kc6 40. Kd2 Kb6 41. Ke2 Nb8 42. Bb4 Nd7 43. g5 Ka6 44. Kf3 Kb6 45.
Kg4 Kc6 (45... f5+ 46. Kg3 Ka6 47. h5 gxh5 48. g6 Nf6 49. Kh4 Kb7 50. Bf8 Ne8
51. Kxh5 Ka6 52. Bxg7 Nxg7+ 53. Kh6 Ne8 54. g7 Nxg7 55. Kxg7 e5 56. dxe5 d4 57.
e6 d3 58. e7 d2 59. e8=Q d1=Q 60. Qb5+ Ka7 61. Qxf5 $18) 46. h5 gxh5+ 47. Kxh5
e5 48. dxe5 fxe5 49. f5 d4 50. Kg4 (50. f6 Nxf6+ $11) 50... Kd5 51. a5 Kc6 52.
Kf3 Kd5 53. a6 Kc6 54. Ba5 $18 {entscheidende Sperre} Nc5 55. f6 gxf6 56. gxf6
Nd7 57. f7 Nf8 58. Ke4 Nd7 59. Bd8 Nf8 60. Kxe5 d3 61. Ba5 Nd7+ 62. Kd4 d2 63.
Bxd2 Kb6 64. Kd5 Kxa6 65. Kd6 Nf8 66. Bh6 Nh7 67. Ke6 Kb7 68. Kf5 1-0

[Event "Asia-ch"]
[Site "Kolkata"]
[Date "2001.08.14"]
[Round "8"]
[White "Villamayor, Buenaventura"]
[Black "Wang, Yue"]
[Result "0-1"]
[WhiteElo "2560"]
[BlackElo "2466"]
[Annotator "Hecht,H"]
[PlyCount "112"]
[EventDate "2001.08.09"]
[EventType "swiss"]
[EventRounds "11"]
[EventCountry "IND"]
[SourceTitle "CBM 085"]
[Source "ChessBase"]
[SourceDate "2001.11.13"]
[SourceVersion "1"]
[SourceVersionDate "2001.11.13"]
[SourceQuality "1"]

1. Nf3 d5 2. d4 c6 3. c4 Nf6 4. e3 Bf5 5. Nc3 e6 6. Bd3 Bxd3 7. Qxd3 Nbd7 8.
O-O Bb4 9. Bd2 a5 10. a3 Bxc3 11. bxc3 Nb6 12. c5 Nc4 13. Rfb1 Rb8 14. Be1 Ne4
15. Nd2 Nexd2 16. Bxd2 b6 17. e4 bxc5 18. exd5 cxd5 19. Bg5 Rxb1+ 20. Rxb1 Qc7
21. a4 cxd4 22. cxd4 O-O 23. g3 Rb8 24. Bf4 Rxb1+ 25. Qxb1 Qa7 26. Qb5 h6 27.
Be3 Qe7 28. Bf4 Qf6 29. h4 Qxd4 30. Qe8+ Kh7 31. Qxf7 Qe4 32. h5 d4 33. f3 Qf5
34. Qxf5+ exf5 {[#] Springer mit Mehrbauer} 35. Kf2 d3 36. g4 Kg8 37. Bb8 Kf7
38. Ba7 Ke6 39. Bd4 Ne5 40. gxf5+ Kxf5 41. Bc3 Nc4 42. Bxg7 Kg5 43. Bf8 Kxh5
44. Be7 Kg6 45. Bd8 Kf5 46. Bh4 h5 47. Bd8 Ke5 48. Be7 d2 49. Ke2 Kf4 50. Bh4
Ne5 51. Bd8 Nxf3 52. Bc7+ Kf5 53. Bxa5 h4 54. Bxd2 Nxd2 55. a5 h3 56. Kf2 Kf4 (
56... Kf4 57. a6 Ne4+ 58. Kg1 Kg3 59. a7 h2+ $19) 0-1

[Event "CUB-ch"]
[Site "Las Tunas"]
[Date "2001.04.15"]
[Round "13"]
[White "Gomez Fontal, Felix Manuel"]
[Black "Dominguez Perez, Leinier"]
[Result "0-1"]
[WhiteElo "2462"]
[BlackElo "2556"]
[Annotator "Hecht,H"]
[PlyCount "78"]
[EventDate "2001.04.01"]
[EventType "tourn"]
[EventRounds "16"]
[EventCountry "CUB"]
[EventCategory "9"]
[SourceTitle "CBM 083"]
[Source "ChessBase"]
[SourceDate "2001.07.05"]
[SourceVersion "1"]
[SourceVersionDate "2001.07.05"]
[SourceQuality "1"]

1. d4 d5 2. Nf3 Nf6 3. c4 c6 4. e3 Bf5 5. cxd5 cxd5 6. Qb3 Qc7 7. Bd2 Nc6 8.
Bb5 e6 9. O-O Bd6 10. Bb4 O-O 11. Bxc6 bxc6 12. Bxd6 Qxd6 13. Nbd2 Nd7 14. Rfc1
Rfc8 15. Rc3 Rcb8 16. Qa4 Rxb2 17. Qxc6 Qxc6 18. Rxc6 Nb6 19. Rc7 a5 20. a3 Rc8
21. Rxc8+ Nxc8 22. Rc1 Nb6 23. h3 h6 24. g4 Bc2 25. Ne5 f6 26. Nef3 Ra2 27. Ne1
Bg6 28. Nef3 Bc2 29. Ne1 Bg6 30. Nef3 Rxa3 31. Rc6 Nc4 32. Nxc4 dxc4 33. Rxc4
a4 34. Rc8+ Kh7 {[#] Unaufhaltsamer a-Bauer i.V. mit dem starken Läufer, den
der fast unbewegliche Springer nicht neutralisieren kann.} 35. d5 (35. Rc1 Ra2
36. Kg2 a3 37. h4 Rb2 38. h5 Be4 39. Rc3 a2 40. Ra3 Bd5 41. Kg3 Rb1 42. e4 Rb3
43. Rxa2 Bxe4 $19) 35... Ra1+ 36. Kh2 exd5 37. Nd4 a3 38. Ra8 a2 39. Nf5 (39.
Ra3 Be4 40. f3 Bd3 41. Rxd3 Rb1 42. Ra3 a1=Q 43. Rxa1 Rxa1 $19) 39... d4 $1 (
39... d4 40. exd4 (40. Nxd4 Be4 $19) 40... Bf7 41. Nd6 Bd5 $19) 0-1

[Event "Paris"]
[Site "Paris"]
[Date "1994.??.??"]
[Round "2"]
[White "Rotstein, Arkadij"]
[Black "Prie, Eric"]
[Result "1-0"]
[WhiteElo "2480"]
[BlackElo "2475"]
[Annotator "Hecht,H"]
[PlyCount "121"]
[EventDate "1994.04.??"]
[EventType "tourn"]
[EventRounds "9"]
[EventCountry "FRA"]
[EventCategory "10"]
[SourceTitle "CBM 042"]
[Source "ChessBase"]
[SourceDate "1994.10.01"]
[SourceVersion "1"]
[SourceVersionDate "1994.10.01"]
[SourceQuality "1"]

1. c4 Nf6 2. Nf3 c6 3. d4 d5 4. e3 Bf5 5. cxd5 cxd5 6. Qb3 Qc7 7. Bd2 e6 8.
Bb5+ Nc6 9. O-O Bd6 10. Bb4 O-O 11. Bxc6 Bxb4 12. Qxb4 Qxc6 13. Ne5 Qc7 14. Nc3
Rfc8 15. a4 Ne8 16. Rac1 a5 17. Qa3 Qd6 18. g4 Qxa3 19. bxa3 Bg6 20. f4 f6 21.
Nd7 Rc6 22. f5 Rac8 23. Nc5 b6 24. Nb5 bxc5 25. Na7 exf5 26. gxf5 Bh5 27. Nxc6
Rxc6 28. Rxc5 Rxc5 29. dxc5 Kf8 30. Rb1 Ke7 31. Rb7+ Kd8 32. Ra7 Nc7 33. c6 Be8
34. Rxa5 Bxc6 35. Kf2 Bd7 36. e4 dxe4 37. Rc5 g6 38. fxg6 hxg6 39. Ke3 f5 40.
a5 Bb5 (40... Bc8 41. h4 Ne6 42. Rb5 Kc7 43. Rb6 Bd7 44. Rb1 Bc6 45. a6 f4+ 46.
Kd2 e3+ 47. Ke2 Nd4+ 48. Kd3 Nf3 49. a7 Ne5+ 50. Ke2 Bf3+ 51. Kf1 Nd3 $19) 41.
h4 Bd7 42. Rc1 Ne6 43. a6 Bc8 44. Rc6 Kd7 45. Rb6 f4+ 46. Kxe4 Kc7 47. Rb1 Bxa6
48. Rg1 Nc5+ 49. Kxf4 Bd3 50. Kf3 Bf5 51. h5 Ne6 (51... gxh5 52. Rg5 Bg4+ $10)
52. hxg6 Ng7 53. Kf4 Kd6 54. Kg5 Ke5 55. Re1+ Be4 56. Kh6 Nf5+ 57. Kg5 Ng7 58.
a4 Kd4 59. a5 Ne6+ 60. Kf6 Nf4 61. Rxe4+ 1-0

[Event "American Continental 2nd"]
[Site "Buenos Aires"]
[Date "2003.08.27"]
[Round "9"]
[White "Lafuente, Pablo"]
[Black "Wojtkiewicz, Aleksander"]
[Result "0-1"]
[WhiteElo "2431"]
[BlackElo "2543"]
[Annotator "Hecht,H"]
[PlyCount "92"]
[EventDate "2003.08.17"]
[EventType "swiss"]
[EventRounds "11"]
[EventCountry "ARG"]
[SourceTitle "CBM 097"]
[Source "ChessBase"]
[SourceDate "2003.11.11"]
[SourceVersion "1"]
[SourceVersionDate "2003.11.11"]
[SourceQuality "1"]

1. d4 d5 2. c4 c6 3. e3 Bf5 4. Nc3 e6 5. Nf3 Nd7 6. Bd3 Bxd3 7. Qxd3 Ngf6 8.
O-O Bb4 9. Bd2 a5 10. a3 Be7 11. e4 Nc5 12. dxc5 dxe4 13. Qxd8+ Rxd8 14. Nxe4
Nxe4 15. Bxa5 Ra8 16. Bb4 Bxc5 17. Bxc5 Nxc5 18. Rad1 Ke7 19. Rd2 Rhd8 20. Rfd1
Rxd2 21. Rxd2 {[#] Passive white pieces against active black ones. [#] Passive
weiße gegen aktive schwarze Figuren.} f6 22. Kf1 (22. b4 Rxa3 $1) 22... e5 23.
Ke2 Nb3 24. Rd1 Ra4 25. Kd3 Nc5+ 26. Kc3 Ne4+ 27. Kb3 Ra8 28. Rf1 Rd8 29. Kc2
g5 30. h3 h5 31. Kc1 $2 {gives away too much space and the entry square d3.
Gibt zuviel Raum und das Einbruchsfeld d3 auf.} (31. g4 $142) 31... Ke6 32. Ng1
(32. g4 Rd3 $19) 32... Rd4 $19 33. Ne2 Rxc4+ {A passed pawn, more space and
better piece coordination. Mehrbauer bei mehr Raum und besserer
Figurenkoordination.} 34. Kd1 Rc5 35. f3 Nd6 36. Rf2 Nc4 37. Ng3 Rd5+ 38. Kc1
Ne3 39. Kb1 Rd1+ 40. Ka2 Rg1 41. Ne4 Rxg2 42. Nc5+ Kd5 43. Rxg2 Nxg2 44. Nxb7
Ne1 45. a4 Nxf3 46. a5 Nd4 0-1